UBT Library

Naturecrafts : (Record no. 42283)

000 -LEADER
fixed length control field 00633cam a2200217 i 4500
001 - CONTROL NUMBER
control field 866559
005 - DATE AND TIME OF LATEST TRANSACTION
control field 20180212032600.0
008 - FIXED-LENGTH DATA ELEMENTS--GENERAL INFORMATION
fixed length control field 800721s1980 aluaf 001 0 eng
010 ## - LIBRARY OF CONGRESS CONTROL NUMBER
LC control number 79083705
020 ## - INTERNATIONAL STANDARD BOOK NUMBER
International Standard Book Number 0848704940 :
Terms of availability $17.95
040 ## - CATALOGING SOURCE
Original cataloging agency DLC
Transcribing agency DLC
Modifying agency DLC
041 ## - LANGUAGE CODE
Language code of text/sound track or separate title eng
080 ## - UNIVERSAL DECIMAL CLASSIFICATION NUMBER
Universal Decimal Classification number 745.5 JOH
082 00 - DEWEY DECIMAL CLASSIFICATION NUMBER
Classification number 745.5 JOH
Edition number 19
100 1# - Rafti
Rafti 44
101 ## - Shkurtesa
Shkurtesa ART
245 10 - TITLE STATEMENT
Title Naturecrafts :
Statement of responsibility, etc Mary Elizabeth Johnson and Katherine Pearson ; [editor, Candace N. Conard].
740 ## - ADDED ENTRY--UNCONTROLLED RELATED/ANALYTICAL TITLE
Uncontrolled related/analytical title Nature crafts.
906 ## - LOCAL DATA ELEMENT F, LDF (RLIN)
a 7
b cbc
c orignew
d 2
e opcn
f 19
g y-gencatlg
942 ## - ADDED ENTRY ELEMENTS (KOHA)
Source of classification or shelving scheme
Item type Books
Holdings
Withdrawn status Lost status Source of classification or shelving scheme Damaged status Not for loan Collection code Permanent location Current location Shelving location Date acquired Total Checkouts Full call number Barcode Date last seen Price effective from Koha item type
          Koleksioni i përgjithshem UBT - Lipjan UBT - Lipjan Koleksioni i përgjithshem 02/12/2018   745.5 JOH 002-2998661 02/12/2018 02/12/2018 Books
UBT Library © 2015-2024. All rights reserved University Education for Business and Technology